00577nam a22001457a 450000500170000000800410001702000180005804000100007608200190008610000280010524500850013326000430021830000140026165001560027520260219142158.0260219b |||||||| |||| 00| 0 eng d a9789387337046 cVITAP 223a070.44 THG aTHG Publishing Pvt Ltd. aThe First 100b: A Selection of Editorials, 1878-1978c/ THG Publishing Pvt Ltd. aChennaibTHG Publishing Pvt Ltd.c2023 a343p,21cm 0aColonial India (1878–1947), Freedom Struggle, Partition & Independence (1947), Post-Independence India, Foreign Policy & International Relations etc.